000
00341nam a2200133Ia 4500
008
151001s9999||||xx |||||||||||||| ||und||
100
_a
शैल सस्केना
245
_a
निर्वासित कर्ण
250
_a
1
260
_b
अभिव्यक्ती
260
_c
2012
300
_a
88
365
_b
21
999
_c
999465
_d
999462